000 00299nam a22001337a 4500
008 171018b xxu||||| |||| 00| 0 eng d
020 _a9780256237382
041 _aeng
080 _210 ED
_a338
100 _a53
101 _aMEN
245 _aSTRATEGIC MANAGEMENT
_cTHOMPSON.S
942 _2udc
_cBK
999 _c34691
_d34691